000
00314nam a22001337a 4500
008
170915b xxu||||| |||| 00| 0 eng d
020
_a
0130469610
041
_a
eng
080
_a
7
100
_a
44
101
_a
ART
245
_a
ART A HISTORY PAINTING SCULPTURE ARCHITECTURE
_c
HARTT.F
942
_2
udc
_c
BK
999
_c
27774
_d
27774